Statistics for Star Wars Crawl - A New Hope

Click here to take the quiz!

General Stats

  • This quiz has been taken 330 times
  • The average score is 51 of 83

Answer Stats

Answer% Correct
a
95%
a
95%
the
92%
the
92%
the
92%
the
92%
the
92%
the
92%
the
92%
STAR,
88%
DEATH
87%
Empire.
87%
Leia
86%
Rebel
86%
Rebel
86%
plans
79%
plans
79%
Princess
79%
war.
79%
is
78%
to
76%
to
76%
to
76%
to
76%
an
75%
an
75%
of
74%
of
74%
It
73%
galaxy...
72%
Galactic
71%
civil
68%
planet.
68%
destroy
66%
evil
66%
period
63%
space
63%
weapon,
62%
and
61%
entire
61%
station
60%
with
60%
secret
59%
have
58%
power
57%
spies
57%
base,
55%
enough
53%
stolen
51%
Empire's
50%
Empire's
50%
from
50%
hidden
50%
restore
50%
freedom
49%
her
49%
her
49%
against
48%
steal
48%
battle,
47%
their
45%
ultimate
45%
first
44%
victory
44%
save
42%
managed
41%
striking
41%
won
41%
can
40%
home
40%
by
39%
During
38%
agents,
37%
that
37%
armored
36%
starship,
36%
people
35%
races
35%
aboard
34%
custodian
34%
sinister
34%
Pursued
32%
spaceships,
31%

Score Distribution

Percentile by Number Answered

Percent of People with Each Score

Your Score History

You have not taken this quiz